[Event "Guwahati op 3rd"]
[Site "Guwahati"]
[Date "2019.10.08"]
[Round "2"]
[White "Sriram, Jha"]
[Black "Rajbeer, Ahmed"]
[Result "1-0"]
[WhiteElo "2385"]
[BlackElo "1448"]
[PlyCount "125"]
[EventDate "2019.10.07"]
[EventType "swiss"]
[EventRounds "10"]
[EventCountry "IND"]
[SourceTitle "CBM 192 Extra"]
[Source "Chessbase"]
[SourceDate "2019.11.06"]
[SourceVersion "1"]
[SourceVersionDate "2019.11.06"]
[SourceQuality "1"]

1. Nf3 e6 2. c4 Nf6 3. g3 b6 4. Bg2 Bb7 5. d4 Bb4+ 6. Bd2 a5 7. 0-0 0-0 8. Bf4 d5 9. c5 a4 10. a3 Ba5 11. Qxa4 Bd2 12. Qc2 Bxf4 13. gxf4 Ne4 14. Nbd2 Na6 15. c6 Nxd2 16. Ng5 Ne4 17. cxb7 Ra7 18. Nxe4 dxe4 19. Qxe4 Nb8 20. b4 c6 21. b5 Rxb7 22. bxc6 Rc7 23. Rfc1 Qd6 24. Qe5 Qxe5 25. fxe5 Rfc8 26. Rc3 Kf8 27. Rb1 Ke7 28. Rxb6 Kd8 29. f4 Ra7 30. d5 exd5 31. Bh3 d4 32. Rc4 h6 33. Bxc8 Kxc8 34. Rcb4 Ra8 35. Kf2 h5 36. h4 g6 37. Kg2 Na6 38. Ra4 Nc7 39. Rxa8+ Nxa8 40. Rb7 Nc7 41. Kf3 Kd8 42. a4 Kc8 43. a5 Kd8 44. Rb8+ Ke7 45. Rc8 Na6 46. Ke4 Nc5+ 47. Kxd4 Nb3+ 48. Kd5 Nxa5 49. Rb8 Nxc6 50. Kxc6 Ke6 51. e4 Ke7 52. Rg8 f5 53. exf5 gxf5 54. Rg5 Ke6 55. Rxh5 Ke7 56. Rxf5 Ke6 57. Rf6+ Ke7 58. h5 Kd8 59. Rf7 Ke8 60. e6 Kd8 61. f5 Ke8 62. f6 Kd8 63. Rf8# 1-0

[Event "Mumbai Wealth op U13 4th"]
[Site "Mumbai"]
[Date "2019.01.07"]
[Round "9"]
[White "Rajbeer, Ahmed"]
[Black "Sathi, Akshaj Mayank"]
[Result "1-0"]
[WhiteElo "1550"]
[BlackElo "1194"]
[PlyCount "99"]
[EventDate "2018.12.30"]
[EventType "swiss"]
[EventRounds "9"]
[EventCountry "IND"]
[SourceTitle "CBM 188 Extra"]
[Source "ChessBase"]
[SourceDate "2019.02.26"]
[SourceVersion "1"]
[SourceVersionDate "2019.02.26"]
[SourceQuality "1"]

1. d4 Nf6 2. Nf3 g6 3. g3 Bg7 4. Bg2 0-0 5. 0-0 d6 6. Nbd2 Nbd7 7. c3 Nb6 8. e4 Re8 9. e5 dxe5 10. Nxe5 c6 11. Ndf3 Nfd7 12. Nxf7 Qc7 13. Bf4 e5 14. N7xe5 Nxe5 15. Nxe5 Qe7 16. Re1 Qf8 17. Nd3 Rd8 18. Bc7 Re8 19. Rxe8 Qxe8 20. Be5 Bf8 21. Qf3 Bg7 22. Bxg7 Kxg7 23. Re1 Qd7 24. Nf4 Qf7 25. d5 cxd5 26. Nxd5 Be6 27. Qxf7+ Bxf7 28. Nxb6 axb6 29. a3 Rd8 30. Bxb7 Rd2 31. b4 Ra2 32. Re7 Kf8 33. Rxf7+ Kxf7 34. Bd5+ Kf6 35. Bxa2 Ke5 36. a4 Kd6 37. c4 Kc6 38. f4 Kd6 39. g4 Ke7 40. h4 Kf6 41. a5 Ke7 42. a6 Kd7 43. a7 Kc7 44. a8Q Kd6 45. Qd5+ Ke7 46. c5 bxc5 47. bxc5 Ke8 48. c6 Ke7 49. Qd7+ Kf6 50. Qf7# 1-0

[Event "Mumbai Wealth op U13 4th"]
[Site "Mumbai"]
[Date "2019.01.02"]
[Round "4"]
[White "Rajbeer, Ahmed"]
[Black "Manish, Kumar7777"]
[Result "0-1"]
[WhiteElo "1550"]
[BlackElo "1927"]
[PlyCount "128"]
[EventDate "2018.12.30"]
[EventType "swiss"]
[EventRounds "9"]
[EventCountry "IND"]
[SourceTitle "CBM 188 Extra"]
[Source "ChessBase"]
[SourceDate "2019.02.26"]
[SourceVersion "1"]
[SourceVersionDate "2019.02.26"]
[SourceQuality "1"]

1. d4 Nf6 2. Nf3 g6 3. g3 Bg7 4. c4 0-0 5. Bg2 d6 6. Nc3 Nc6 7. 0-0 Bg4 8. h3 Bxf3 9. Bxf3 Nd7 10. e3 e5 11. d5 Ne7 12. e4 f5 13. Bg5 Bf6 14. Bxf6 Nxf6 15. b4 Qd7 16. Kh2 Rf7 17. Qe2 Raf8 18. a4 f4 19. c5 g5 20. cxd6 cxd6 21. gxf4 exf4 22. e5 dxe5 23. Qxe5 Nf5 24. Bg4 Nxg4+ 25. hxg4 Re7 26. Qxf5 Rxf5 27. gxf5 Qxf5 28. d6 Rd7 29. Rad1 f3 30. Nd5 Qe5+ 31. Kg1 Qe6 32. Kh2 Qxd6+ 33. Kg1 Qxd5 34. Rxd5 Rxd5 35. Rc1 Rd7 36. Rc5 h6 37. Kh2 Kg7 38. Kg3 Rf7 39. Rd5 Kg6 40. b5 h5 41. Rd6+ Rf6 42. Rd7 h4+ 43. Kh3 Kf5 44. Rxb7 g4+ 45. Kh2 Kf4 46. a5 g3+ 47. fxg3+ hxg3+ 48. Kg1 Rf5 49. b6 axb6 50. axb6 Rb5 51. Rf7+ Ke3 52. Re7+ Kd4 53. Rd7+ Ke5 54. Rd1 Rxb6 55. Ra1 Kf4 56. Ra4+ Kg5 57. Ra1 Kh4 58. Ra4+ Kh3 59. Ra1 Rb2 60. Rf1 Rg2+ 61. Kh1 f2 62. Rxf2 Rxf2 63. Kg1 Rf3 64. Kh1 Rf1# 0-1

[Event "IND-ch U11 30th"]
[Site "India"]
[Date "2016.07.04"]
[Round "9"]
[White "Shah, Jeet"]
[Black "Rajbeer, Ahmed"]
[Result "1-0"]
[WhiteElo "1661"]
[BlackElo "1369"]
[PlyCount "77"]
[EventDate "2016.06.28"]
[EventType "swiss"]
[EventRounds "11"]
[EventCountry "IND"]
[SourceTitle "CBM 173 Extra"]
[Source "ChessBase"]
[SourceDate "2016.08.29"]
[SourceVersion "1"]
[SourceVersionDate "2016.08.29"]
[SourceQuality "1"]

1. e4 e6 2. d4 d5 3. Nc3 dxe4 4. Nxe4 Nf6 5. Nxf6+ Qxf6 6. Nf3 h6 7. c3 Bd6 8. Bd3 Nd7 9. Be3 0-0 10. 0-0 Re8 11. h3 e5 12. Nd2 Qe7 13. Ne4 exd4 14. Nxd6 Qxd6 15. Bxd4 Nc5 16. Bc2 Ne6 17. Be3 Qe7 18. Qd3 Nf8 19. Rfe1 Be6 20. Bf4 Rad8 21. Qg3 Kh8 22. Bxc7 Rd2 23. Rac1 Rd7 24. Ba4 Rxc7 25. Bxe8 Rc5 26. Ba4 Rg5 27. Qb8 Kg8 28. Rcd1 Qc5 29. Re3 Bd5 30. g3 Be6 31. b4 Qf5 32. h4 Rg4 33. Rd8 Kh7 34. Qxb7 Ng6 35. Qf3 Qh5 36. Bc2 Qxh4 37. Qa8 f5 38. Rxe6 Ne7 39. Rh8# 1-0

[Event "IND-ch U11 30th"]
[Site "India"]
[Date "2016.06.29"]
[Round "2"]
[White "Rajbeer, Ahmed"]
[Black "Adarsh, Tripathi"]
[Result "1/2-1/2"]
[WhiteElo "1369"]
[BlackElo "1789"]
[PlyCount "119"]
[EventDate "2016.06.28"]
[EventType "swiss"]
[EventRounds "11"]
[EventCountry "IND"]
[SourceTitle "CBM 173 Extra"]
[Source "ChessBase"]
[SourceDate "2016.08.29"]
[SourceVersion "1"]
[SourceVersionDate "2016.08.29"]
[SourceQuality "1"]

1. d4 Nf6 2. Nf3 e6 3. e3 b6 4. c4 Bb7 5. Be2 Be7 6. Nc3 d6 7. b3 Nbd7 8. Bb2 0-0 9. 0-0 c5 10. Rc1 a6 11. Ne1 Qc7 12. Bf3 Bxf3 13. Nxf3 Rad8 14. Qc2 h6 15. Rfd1 Rfe8 16. Ne2 Bf8 17. Ng3 Rc8 18. Ne4 Nxe4 19. Qxe4 Nf6 20. Qc2 cxd4 21. Nxd4 e5 22. Nf3 d5 23. Qd2 e4 24. cxd5 Qd6 25. Ne1 Rxc1 26. Qxc1 Ng4 27. g3 Qg6 28. h3 Ne5 29. Qd2 Bd6 30. Qe2 Qf5 31. Bxe5 Rxe5 32. Kg2 Rxd5 33. Rxd5 Qxd5 34. Qxa6 Bc5 35. Qe2 Bb4 36. Kf1 Qc6 37. Kg2 Qd7 38. Nc2 Bc5 39. b4 Qd3 40. Kf1 Be7 41. Ke1 Bxb4+ 42. Nxb4 Qb1+ 43. Qd1 Qxb4+ 44. Qd2 Qb5 45. Qc2 Qa5+ 46. Qd2 Qc5 47. Qd4 Qc1+ 48. Qd1 Qc6 49. Qd4 Qe6 50. a4 Qc6 51. Kd1 f5 52. Ke1 Kf7 53. Kd2 g5 54. h4 Ke6 55. Qg7 Qd6+ 56. Ke1 Qb4+ 57. Ke2 Qc4+ 58. Ke1 Qc1+ 59. Ke2 Qc2+ 60. Ke1 1/2-1/2